A Systematic, Knowledge Space-Based Proposal on Quality by Design-Driven Polymeric Micelle Development

Elmentve itt :
Bibliográfiai részletek
Szerzők: Sipos Bence
Katona Gábor
Pannonhalminé Csóka Ildikó
Dokumentumtípus: Cikk
Megjelent: 2021
Sorozat:PHARMACEUTICS 13 No. 5
doi:10.3390/pharmaceutics13050702

mtmt:32013983
Online Access:http://publicatio.bibl.u-szeged.hu/21471
LEADER 00804nab a2200217 i 4500
001 publ21471
005 20210526091812.0
008 210526s2021 hu o 0|| zxx d
022 |a 1999-4923 
024 7 |a 10.3390/pharmaceutics13050702  |2 doi 
024 7 |a 32013983  |2 mtmt 
040 |a SZTE Publicatio Repozitórium  |b hun 
041 |a zxx 
100 1 |a Sipos Bence 
245 1 2 |a A Systematic, Knowledge Space-Based Proposal on Quality by Design-Driven Polymeric Micelle Development  |h [elektronikus dokumentum] /  |c  Sipos Bence 
260 |c 2021 
300 |a Terjedelem: 17 p-Azonosító: 702 
490 0 |a PHARMACEUTICS  |v 13 No. 5 
700 0 1 |a Katona Gábor  |e aut 
700 0 2 |a Pannonhalminé Csóka Ildikó  |e aut 
856 4 0 |u http://publicatio.bibl.u-szeged.hu/21471/1/pharmaceutics-13-00702.pdf  |z Dokumentum-elérés